01109nam a2200265 i 450000100060000000300090000600500170001500700030003200800410003502000180007610000380009424501930013225000120032526000480033730000220038549000600040750000140046750400320048160000680051371000330058183000680061485200220068299900170070495201220072159369ES-MaACL20250907063044.0t|031028s1986 sp ||||1| spa d a84-600-6708-41 aElizalde, Ignacio, d1913-94700910aPersonajes y temas barojianos : bpersonalidad humana, personalidad literaria, el problema de España, los curas, los anarquistas, la mujer vasca, Navarra en su obra / cIgnacio Elizalde. a2ª ed. a[Bilbao] : bUniversidad de Deusto, c1986. a279 p. ; c23 cm.1 aPublicaciones de la Universidad de Deusto. Letras ; v4 aÍndice. aBibliografía: p. 265-269.14aBaroja, Pío,d1872-1956-xCrítica e interpretación9257562 aUniversidad de Deusto.971721 aPublicaciones de la Universidad de Deusto. Letras ; v492305104 aES-MaACLjL-11099 c59369d59369 00104070aATENEOMbATENEOMcDEPO2d2008-01-17eSCl0oL-11099p1062273r2023-02-23 00:00:00w2023-02-23yMONOGRAFIA